পৃথিবী ও পাশ্চাত্ত্যজগৎ / (Record no. 9561)
[ view plain ]
| 000 -LEADER | |
|---|---|
| fixed length control field | 00868nam a2200229 a 4500 |
| 001 - CONTROL NUMBER | |
| JCCL Control Number | 9561 |
| 003 - CONTROL NUMBER IDENTIFIER | |
| JCCL marc code | BD-JhCC |
| 005 - DATE AND TIME OF LATEST TRANSACTION | |
| control field | 20180524092133.0 |
| 008 - FIXED-LENGTH DATA ELEMENTS--GENERAL INFORMATION | |
| fixed length control field | 180319s1964 bg |||| ||a| 000 0 ben d |
| 035 ## - SYSTEM CONTROL NUMBER | |
| system control number | (BD-JhCC)9561 |
| 040 ## - CATALOGING SOURCE | |
| Original cataloging agency | BD-JhCC |
| Modifying agency | BD-JhCC |
| 041 ## - LANGUAGE CODE | |
| Language code of Book | ben |
| 082 ## - DEWEY DECIMAL CLASSIFICATION NUMBER | |
| Classification number | 323.2 |
| Author mark and Year | TOY 1964 |
| 100 ## - MAIN ENTRY--PERSONAL NAME | |
| Personal name | টোয়েনবী, আর্নল্ড |
| 245 ## - TITLE STATEMENT | |
| Title | পৃথিবী ও পাশ্চাত্ত্যজগৎ / |
| Statement of responsibility, etc | আর্নল্ড টোয়েনবী, আব্দুল মওদুদ (অনু.) |
| 260 ## - PUBLICATION, DISTRIBUTION, ETC. (IMPRINT) | |
| Place of publication, distribution, etc | লাহোর: |
| Name of publisher, distributor, etc | পাকিস্তান ব্রাঞ্চ অক্সফোর্ড ইউনিভার্সিটি প্রেস ; |
| Date of publication, distribution, etc | 1964. |
| 300 ## - PHYSICAL DESCRIPTION | |
| Pagination | 89 p. : |
| Dimensions | 16 cm. |
| 651 ## - SUBJECT ADDED ENTRY--GEOGRAPHIC NAME | |
| Geographic name | World Poletig. |
| 700 ## - ADDED ENTRY--PERSONAL NAME | |
| Personal name | মওদুদ,আব্দুল |
| 942 ## - ADDED ENTRY ELEMENTS (KOHA) | |
| Source of classification or shelving scheme | Dewey Decimal Classification |
| Koha item type | Books |
| Source of classification or shelving scheme | Damaged status | Not for loan | Home library | Current library | Shelving location | Date of accession | Total Checkouts | Full call number | Barcode | Date last seen | Copy number | Koha item type |
|---|---|---|---|---|---|---|---|---|---|---|---|---|
| Dewey Decimal Classification | JCC Rouf Library | JCC Rouf Library | General Stacks | 03/19/2018 | 323.2 TOY 1964 | 12540 | 03/19/2018 | C-1 | Books | |||
| Dewey Decimal Classification | JCC Rouf Library | JCC Rouf Library | General Stacks | 03/19/2018 | 323.2 TOY 1964 | 12539 | 03/19/2018 | C-2 | Books |